000 01277nam a22003374a 4500
001 ebr10160973
003 CaPaEBR
006 m u
007 cr cn|||||||||
008 060413s2006 maua sb 001 0 eng d
010 _z 2006045966
020 _z1580538630 (alk. paper)
040 _aCaPaEBR
_cCaPaEBR
035 _a(OCoLC)123914785
050 1 4 _aTK5103.7
_b.X65 2006eb
082 0 4 _a621.3815/36
_222
100 1 _aXiong, Fuqin,
_d1946-
245 1 0 _aDigital modulation techniques
_h[electronic resource] /
_cFuqin Xiong.
250 _a2nd ed.
260 _aBoston, MA :
_bArtech House,
_cc2006.
300 _axxi, 1017 p. :
_bill.
490 1 _aArtech House telecommunications library
504 _aIncludes bibliographical references and index.
533 _aElectronic reproduction.
_bPalo Alto, Calif. :
_cebrary,
_d2009.
_nAvailable via World Wide Web.
_nAccess may be limited to ebrary affiliated libraries.
650 0 _aDigital modulation.
650 0 _aModulation (Electronics)
655 7 _aElectronic books.
_2local
710 2 _aebrary, Inc.
830 0 _aArtech House telecommunications library.
856 4 0 _uhttp://site.ebrary.com/lib/rucke/Doc?id=10160973
_zAn electronic book accessible through the World Wide Web; click to view
999 _c243316
_d243316